|
|
แสดงรายละเอียดบรรณานุกรม |
|
|
Brief Record
: Get Marc (ISO 2709)
: E-mail record
: |
|
|
|
| LEADER 00000nam 2200000uu 4500 | |||
| 001 210576 | |||
| 003 ULIBM | |||
| 008 020711s2556 th a 000 0 tha d | |||
| 020 978-616-11-0088-9 | |||
| 041 ^atha^beng | |||
| 060 4 QY 25 ส748ค 2556 | |||
| 100 สุคันธนา สิงห์ทอง | |||
| 245 ความรู้พื้นฐานด้านพยาธิวิทยาคลินิก/^cสุคันธนา สิงห์ทอง. | |||
| 250 พิมพ์ครั้งที่ 2 | |||
| 260 นนทบุรี :^bโครงการสวัสดิการวิชาการ สถาบันพระบรมราชชนก,^c2556 | |||
| 300 ก-ฉ,136 หน้า :^bภาพประกอบ ;^c26 ซม. | |||
| 650 4 พยาธิวิทยา | |||
| 710 2 ^aสถาบันพระบรมราชชนก. โครงการสวัสดิการวิชาการ. | |||
| 999 ^aใช้งานได้ทุกระบบ | |||
| คุณยังไม่ได้ล็อกอิน คุณสามารถมีกิจกรรมร่วมกับเว็บไซต์ได้ แต่ต้องล็อกอินก่อน :: |
|
| สถานะ | |||||||||
| 1. | วิทยาศาสตร์สุขภาพ สถานะ=หนังสือเก่า - บริการ ณ ห้องสมุด (ห้องเหลือง) | QY 25 ส748ค 2556 ฉ.1 | On Shelf ขอยืม | ||||||
| Note:งบประมาณปี 2558 | |||||||||
| 2. | วิทยาศาสตร์สุขภาพ สถานะ=หนังสือเก่า - บริการ ณ ห้องสมุด (ห้องเหลือง) | QY 25 ส748ค 2556 ฉ.2 | On Shelf ขอยืม | ||||||
| Note:งบประมาณปี 2558 | |||||||||
| 3. | วิทยาศาสตร์สุขภาพ สถานะ=หนังสือเก่า - บริการ ณ ห้องสมุด (ห้องเหลือง) | QY 25 ส748ค 2556 ฉ.3 | On Shelf ขอยืม | ||||||
| Note:งบประมาณปี 2558 | |||||||||
| 4. | วิทยาศาสตร์สุขภาพ สถานะ=หนังสือเก่า - บริการ ณ ห้องสมุด (ห้องเหลือง) | QY 25 ส748ค 2556 ฉ.4 | On Shelf ขอยืม | ||||||
| Note:งบประมาณปี 2558 | |||||||||
| 5. | วิทยาศาสตร์สุขภาพ สถานะ=หนังสือเก่า - บริการ ณ ห้องสมุด (ห้องเหลือง) | QY 25 ส748ค 2556 ฉ.5 | On Shelf ขอยืม | ||||||
| Note:งบประมาณปี 2558 | |||||||||
| 6. | วิทยาศาสตร์สุขภาพ สถานะ=หนังสือเก่า - บริการ ณ ห้องสมุด (ห้องเหลือง) | QY 25 ส748ค 2556 ฉ.6 | On Shelf ขอยืม | ||||||
| Note:งบประมาณปี 2558 | |||||||||
| 7. | วิทยาศาสตร์สุขภาพ สถานะ=หนังสือเก่า - บริการ ณ ห้องสมุด (ห้องเหลือง) | QY 25 ส748ค 2556 ฉ.7 | On Shelf ขอยืม | ||||||
| Note:งบประมาณปี 2558 | |||||||||
| 8. | วิทยาศาสตร์สุขภาพ สถานะ=หนังสือเก่า - บริการ ณ ห้องสมุด (ห้องเหลือง) | QY 25 ส748ค 2556 ฉ.8 | On Shelf ขอยืม | ||||||
| Note:งบประมาณปี 2558 | |||||||||
| 9. | วิทยาศาสตร์สุขภาพ สถานะ=หนังสือเก่า - บริการ ณ ห้องสมุด (ห้องเหลือง) | QY 25 ส748ค 2556 ฉ.9 | On Shelf ขอยืม | ||||||
| Note:งบประมาณปี 2558 | |||||||||
| 10. | วิทยาศาสตร์สุขภาพ สถานะ=หนังสือเก่า - บริการ ณ ห้องสมุด (ห้องเหลือง) | QY 25 ส748ค 2556 ฉ.10 | On Shelf ขอยืม | ||||||
| Note:งบประมาณปี 2558 | |||||||||
| [แสดง 10/10 รายการ] | |||||||||
BibComment |
| คอมเมนท์ทรัพยากรรายการนี้ |
|
|